Operations management

Αποθηκεύτηκε σε:
Λεπτομέρειες βιβλιογραφικής εγγραφής
Κύριος συγγραφέας: Greasley, Andrew
Μορφή: Βιβλίο
Γλώσσα:English
Δημοσίευση: Chichester, England : John Wiley & sons, c2006
Θέματα:
Ετικέτες: Προσθήκη ετικέτας
Δεν υπάρχουν, Καταχωρήστε ετικέτα πρώτοι!

MARC

LEADER 00000nam a2200000 i 4500
001 1/48694
008 070720s2006 eng d
020 |a 978-0-470-012093 
020 |a 0-470-01209-9 
035 |l 10088986 
040 |a GR-MY-UA  |b gre  |e aacr 
041 0 |a eng 
082 0 |a 658.5  |2 (22) 
100 1 |a Greasley, Andrew. 
245 1 0 |a Operations management /  |c Andrew Greasley 
260 |a Chichester, England :   |b John Wiley & sons,   |c c2006 
300 |a xxi, 500 σ.;  |c 25 εκ. 
504 |a Περιλαμβάνει ευρετήριο 
650 0 0 |a Production management. 
650 0 0 |a Process control. 
852 |a INST  |b CHIOS  |e 20070720  |h 658.5 GRE  |p 005200025878  |q 005200025878  |t BK  |y 0 
901 |a BIBL2-2007-2 
909 |a Χ  |b 136837 
922 |a 2ΕΛΗ  |b 200707  |c ΕΠΕΑΕΚ2/ΤΔΕ  |d ΕΛΕΥΘΕΡΟΥΔΑΚΗΣ 
970 |a ΒΑΣΙΛΑΚΗ  |b ΝΙΚΗ  |z 2007/07/20